Материалы конференции "Опыт эксплуатации и ремонта, анализ качества и надежности самолетов АН-24 с наработкой более 17000 летных часов". [10-11 марта 1977 г. Киев] (Запись № 5946496)

Подробности
000 -МАРКЕР
контрольное поле 01294nam0a22002651 4500
001 - ИДЕНТИФИКАТОР ЗАПИСИ
контрольное поле rc\2326772
005 - ИДЕНТИФИКАТОР ВЕРСИИ
контрольное поле 20260408023023.0
035 ## - ДРУГИЕ СИСТЕМНЫЕ НОМЕРА
Идентификатор записи (NLR Aleph) 006472168
100 ## - ДАННЫЕ ОБЩЕЙ ОБРАБОТКИ
Данные общей обработки 20110829d1977 |||y0rusy50 ca
101 0# - ЯЗЫК РЕСУРСА
Язык текста, звукозаписи и т.д. русский
102 ## - СТРАНА ПУБЛИКАЦИИ ИЛИ ПРОИЗВОДСТВА
Страна публикации Российская Федерация
105 ## - ПОЛЕ КОДИРОВАННЫХ ДАННЫХ: ТЕКСТОВЫЕ МАТЕРИАЛЫ, МОНОГРАФИЧЕСКИЕ
Кодированные данные о монографическом текстовом документе y z |||||
200 1# - ЗАГЛАВИЕ И СВЕДЕНИЯ ОБ ОТВЕТСТВЕННОСТИ
Основное заглавие Материалы конференции "Опыт эксплуатации и ремонта, анализ качества и надежности самолетов АН-24 с наработкой более 17000 летных часов". [10-11 марта 1977 г. Киев]
Первые сведения об ответственности М-во гражд. авиации СССР. Всесоюз. гос. пром. объединение "Авиаремонт"
210 ## - ПУБЛИКАЦИЯ, РАСПРОСТРАНЕНИЕ И ДР.
Место издания, распространения и т.д. Киев
Имя издателя, распространителя и т. д. Б. и.
Дата издания, распространения и т.д. 1977
215 ## - ФИЗИЧЕСКАЯ ХАРАКТЕРИСТИКА
Специфическое обозначение материала и объем 205 с.
Размеры 20
333 ## - ПРИМЕЧАНИЯ ОБ ОСОБЕННОСТЯХ РАСПРОСТРАНЕНИЯ И ИСПОЛЬЗОВАНИЯ
Текст примечания ДСП. Экз. № 6
710 12 - НАИМЕНОВАНИЕ ОРГАНИЗАЦИИ - ПЕРВИЧНАЯ ОТВЕТСТВЕННОСТЬ
Начальный элемент ввода "Опыт эксплуатации и ремонта, анализ качества и надежности самолетов АН-24 с наработкой более 17000 летных часов", конференция
Место проведения временной организации Киев
Дата проведения временной организации 1977
Системный номер авторитетной/нормативной записи 863706
Идентификатор авторитетной/нормативной записи RU\NLR\AUTH\8810183473
801 #0 - ИСТОЧНИК ЗАПИСИ
Страна Российская Федерация
Организация NLR
Правила каталогизации psbo
801 #1 - ИСТОЧНИК ЗАПИСИ
Страна Российская Федерация
Организация ELAR
Источник данных rusmarc
852 ## - МЕСТОНАХОЖДЕНИЕ И ШИФР ХРАНЕНИЯ
Идентификатор организации NLR
Шифр хранения (Call Number) 77-50к/3637
852 ## - МЕСТОНАХОЖДЕНИЕ И ШИФР ХРАНЕНИЯ
Идентификатор организации NLR
Шифр хранения (Call Number) 77-50К/3637
899 ## - ДАННЫЕ О МЕСТОНАХОЖДЕНИИ (устаревшее)
Местонахождение RuMoRGB
Шифр хранения СХ
942 ## - ДОПОЛНИТЕЛЬНЫЕ ЭЛЕМЕНТЫ ЗАПИСИ (АБИС)
Тип экземпляра АБИС Книга
980 ## - КОЛЛЕКЦИЯ
Название коллекции Национальная библиография
Экземпляры
Тип экземпляра Дата поступления Библиотека постоянного хранения Библиотека текущего хранения Место хранения Шифр хранения Штрих-код Статус экземпляра
Книга 26.10.2013 РНБ (Московский) РНБ (Московский) Фонд литературы для служебного пользования 77-50к/3637 6472168-10  
Книга 26.10.2013 РНБ (Московский) РНБ (Московский) Фонд литературы для служебного пользования 77-50К/3637 6472168-20